Paesi più vicini alla Bielorussia - Statistics

Statistiche generali
  • Questo quiz è stato fatto 60 volte
  • Il punteggio medio è 19 su 20
Statistiche sulle risposte
km paese % Corretto
0 Lettonia
100%
0 Lituania
100%
0 Russia
100%
357 Ungheria
100%
157 Estonia
98%
0 Polonia
98%
267 Slovacchia
98%
0 Ucraina
98%
365 Romania
96%
395 Cechia
94%
571 Germania
94%
470 Finlandia
93%
337 Moldavia
91%
740 Slovenia
91%
515 Svezia
91%
568 Austria
89%
646 Serbia
87%
715 Croazia
78%
544 Danimarca
78%
801 Bosnia ed Erzegovina
76%
Nessun quiz corrispondente trovato
Distribuzione punteggi
Percentuale di utenti per punteggio
Percentile per numero di risposta
I tuoi punteggi nel tempo
Non hai fatto questo quiz